Statistics for Kpop Groups of Two

Click here to take the quiz!

General Stats

  • This quiz has been taken 212 times
  • The average score is 12 of 26

Answer Stats

HintAnswer% Correct
Groups with a "Park Jimin"BTS
88%
Taeyeon solo albumsI
84%
"Boombayah
79%
Red Velvet members who get crushed by a pianoIrene
77%
"Joy
77%
Black Pink debut songsWhistle
67%
"Zutter" artistsG-Dragon
66%
"Good Boy" artistsG-Dragon
66%
"Jessica
62%
Jung sistersKrystal
61%
"Taeyang
59%
"TOP
54%
Members of 15&Jimin
48%
"15&
44%
"Suhyun
40%
"Bobby
37%
Members of MOBB (unit)Mino
37%
"Why
28%
Members of AkmuChanhyuk
27%
Crayon Pop twinsChoa
24%
"Yerin
17%
Way
16%
"Minkyung
12%
Members of DavichiHaeri
10%
"Inferiority Complex
5%
Park Kyung solo singlesOrdinary Love
5%

Score Distribution

Percentile by Number Answered

Percent of People with Each Score

Your Score History

You have not taken this quiz